000 00744nam a22002177a 4500
003 UA-OsUOA
001 73857
007 ta
008 20110317b un ||||| |||| 00| 0 ukr d
100 _aНіконова О.
090 _a657
_bН71
942 _cSA
040 _aUA-OsUOA
_bukr
_cUA-OsUOA
_dUA-OsUOA
245 _aМіжнародні стандарти INTOSAI: основні положення, аудиторські підходи, термінологія
300 _aС.29-36
955 _a0
041 _aukr
080 _a657
773 0 _w73854
_tБухгалтерський облік і аудит
_dК.
_d2011
_g2
650 7 _a657 Бухгалтерія. Бухгалтерський облік. Рахівництво
_2UDC
999 _c360150
_d360150